Statistics for Nations in The Pacific Islands Forum

Click here to take the quiz!

General Stats

  • This quiz has been taken 171 times
  • The average score is 13 of 16

Answer Stats

Nation% Correct
Fiji
94%
Vanuatu
94%
Marshall Islands
92%
Samoa
92%
Solomon Islands
92%
Palau
91%
Kiribati
90%
New Zealand
90%
Tonga
90%
Tuvalu
90%
Australia
89%
Federated States of Micronesia
88%
Nauru
87%
Papua New Guinea
84%
Cook Islands
42%
Niue
38%

Score Distribution

Percentile by Number Answered

Percent of People with Each Score

Your Score History

You have not taken this quiz